Visualizzazione normale
Vista MARC
- Lafonte Bernardo
di Personal Name
Records bibliografici associati: 1
001 - CONTROL NUMBER
- control field: 28351
003 - CONTROL NUMBER IDENTIFIER
- control field: IT-RoPau
005 - DATE AND TIME OF LATEST TRANSACTION
- control field: 20140604091850.0
008 - FIXED-LENGTH DATA ELEMENTS
- fixed length control field: 140604|| aca||aabn | a|a d
040 ## - CATALOGING SOURCE
- Original cataloging agency: IT-RoPau
- Transcribing agency: IT-RoPau
100 ## - HEADING--PERSONAL NAME
- Personal name: Lafonte Bernardo
- Relator term: Autore testo e musica
- Miscellaneous information: Codice autore testo/musica SPICS: 13067
670 ## - SOURCE DATA FOUND
- Source citation: Work cat.: (IT-RoPau)101725: Lafonte Bernardo 23349, Canti per la missione